| 000 | 00478nam a2200181Ia 4500 | ||
|---|---|---|---|
| 001 | 18635 | ||
| 005 | 20260306171645.0 | ||
| 008 | 260306s9999||||xx |||||||||||||| ||und|| | ||
| 041 | _aESP | ||
| 082 |
_a658.4092 _bL595 |
||
| 100 |
_aLynn, Adele B. _eAUT |
||
| 245 | 0 |
_aLa otra inteligencia: _bPlan para potenciar la inteligencia emocional en el trabajo |
|
| 260 | _c2006 | ||
| 300 |
_a347 páginas : _c21 cm. |
||
| 650 | _aGEN | ||
| 654 | _aCAN | ||
| 942 |
_cLIB _dJUS _fJUS _2ddc _n |
||
| 999 |
_c18635 _d18635 |
||